| 000 | 00512nam a2200133Ia 4500 | ||
|---|---|---|---|
| 008 | 160809s9999 xx 000 0 und d | ||
| 100 | _aAhmed, Amal Samir. | ||
| 245 | _aHealth Care-Seeking Behaviors among Women Suffering from Urinary Incontinence | ||
| 245 | _cAmal Samir Ahmed and Nevertity Hassan Zaky. | ||
| 260 | _bJournal of Nursing and Care | ||
| 260 | _cFebruary 2016 | ||
| 650 | _xNURSING | ||
| 856 | _uhttp://www.omicsgroup.org/journals/ArchiveJNC/jnc-archive.php?journal=jnc&month=February&year=2022 | ||
| 999 |
_c300155 _d300155 |
||